Process visualization. An exucutive guide to business progress design
Saved in:
| Hovedforfatter: | |
|---|---|
| Format: | Bog |
| Sprog: | engelsk |
| Udgivet: |
Ottawa
John Wiley
2002
|
| Fag: | |
| Tags: |
Tilføj Tag
Ingen Tags, Vær først til at tagge denne postø!
|
MARC
| LEADER | 00000nam a2200000 a 4500 | ||
|---|---|---|---|
| 001 | UCI1952 | ||
| 003 | CL-VaPUC | ||
| 008 | 070727e20020000cn |||||||||||||||||eng|d | ||
| 020 | |a 0470831979 | ||
| 082 | 0 | 4 | |a 658.5 |b LOF |2 21 |
| 100 | |a Lofts, Norman |e autor |9 522779 | ||
| 245 | 1 | 0 | |a Process visualization. An exucutive guide to business progress design |
| 300 | |a 222 p | ||
| 942 | |c BK | ||
| 945 | |d 20070727 00:00:00 |a rbrito | ||
| 260 | |a Ottawa |b John Wiley |c 2002 | ||
| 650 | 0 | |a Producción |x Planificación |9 260672 | |
| 650 | 0 | |a Gestión de la producción |9 259467 | |
| 650 | 7 | |a CONTROL DE PRODUCCION |2 CL-VaPUC |9 271421 | |
| 650 | 7 | |a CRECIMIENTO DE LA PRODUCCION |2 CL-VaPUC |9 364627 | |
| 650 | 7 | |a FUNCIONES DE PRODUCCION |2 CL-VaPUC |9 522780 | |
| 650 | 7 | |a PLANIFICACION INDUSTRIAL |2 CL-VaPUC |9 331542 | |
| 650 | 7 | |a OBJETIVOS DE LA PRODUCCION |2 CL-VaPUC |9 364681 | |
| 583 | |a last modification |c 20171221 02:23:20 |k Rodrigo Vera | ||
| 999 | |c 326638 |d 326636 | ||
| 952 | |0 0 |1 0 |4 0 |6 658_500000000000000_LOF_2002 |7 0 |8 A |9 408665 |a BIBING |b BIBING |d 2019-11-22 |i 4359461 |o 658.5 LOF 2002 |p 4359461 |r 2025-01-20 |w 2019-11-22 |y BK |k EII | ||